000 00485nam a22001937a 4500
003 OSt
005 20180116183034.0
008 160215b xxu||||| |||| 00| 0 eng d
020 _a9788126510443
040 _c0
082 _a332.12068 GUP 2012
100 _aBenton E. Gup
245 _aCommercial Banking
_bThe Management of Risk
_cBenton E. Gup
250 _a3rd
260 _aIndia
_bWiley
_c2012
300 _a548 p.
_bPB
440 _aCommercial Banking
942 _2ddc
_cBK
999 _c351135
_d351135